000
00325 a2200157 4500
001
159220
020
_a
040
_c
Magnum
100
_a
-
240
1
0
_a
Aventura na ciencia/terra
_l
por
245
1
0
_a
Aventura na ciencia/terra
362
0
_a
1899
440
1
_a
Globo
697
_a
MAGNITO: ENCICLOPEDIAS
942
_c
BK
999
_c
159220
_d
159220